Country Similarity Index - Germany - Statistics

General Stats
  • This quiz has been taken 12 times
  • The average score is 9 of 10
Answer Stats
Score (out of 100) Country % Correct
84.6 Austria
90%
83.5 Belgium
90%
81.1 Denmark
90%
79.7 France
90%
84.3 Netherlands
90%
77.1 Sweden
90%
78.9 Switzerland
90%
82.8 Luxembourg
80%
77.6 Czechia
70%
77.4 Slovenia
70%
No matching quizzes found
Score Distribution
Percent of People with Each Score
Percentile by Number Answered
Your Score History
You have not taken this quiz